LEADER 01056nas0-2200361---450- 001 990000816570203316 011 $a88-365-0514-7 035 $a0081642 035 $aUSA010081642 035 $a(ALEPH)000081657USA01 035 $a0081642 100 $a20011122b19931990|||||ita|01 ba 101 $aita 102 $aIT 110 $aaka ||||||| 200 1 $aAnnuario generale dei comuni e delle frazioni d' Italia$fTouring club italiano 207 0$aVol. 1 (1985)- 210 $aMilano$cTouring club italiano$dc1993 215 $av.$ctab.$d27 cm 326 $aAnnuale 606 $aComuni$xPeriodici 676 $a914.5 712 02$aTouring club italiano 801 0$aIT$bsalbc$gISBD 912 $a990000816570203316 958 $aUMA$c1961, 1980-1985 959 $aSE 979 $aPATTY$b90$c20011220$lUSA01$h1311 979 $aPATTY$b90$c20020320$lUSA01$h1209 979 $c20020403$lUSA01$h1728 979 $aPATRY$b90$c20040406$lUSA01$h1656 996 $aAnnuario generale dei comuni e delle frazioni d' Italia$9966861 997 $aUNISA LEADER 01614nam 2200493I 450 001 9910705615503321 005 20170607122521.0 035 $a(CKB)5470000002452246 035 $a(OCoLC)988540397 035 $a(EXLCZ)995470000002452246 100 $a20170531j20170401 ua 0 101 0 $aeng 135 $aurmn||||||||| 181 $ctxt$2rdacontent 182 $cc$2rdamedia 183 $acr$2rdacarrier 200 10$aComprehensive lifecycle for assuring system safety /$fJohn C. Knight and Jonathan C. Rowanhill 210 1$aHampton, Virginia :$cNational Aeronautics and Space Administration, Langley Research Center,$dApril 2017. 215 $a1 online resource (ii, 32 pages) $cillustrations 225 1 $aNASA/CR ;$v2017-219359 300 $a"April 2017." 300 $a"Performing organization: NASA Langley Research Center"--Report documentation page. 320 $aIncludes bibliographical references (page 31-32). 606 $aComputer Systems$2nasat 606 $aAssurance$2nasat 606 $aArgument$2nasat 606 $aSafety$2nasat 606 $aLifecycle$2nasat 606 $aBibliographies$2nasat 615 7$aComputer Systems. 615 7$aAssurance. 615 7$aArgument. 615 7$aSafety. 615 7$aLifecycle. 615 7$aBibliographies. 700 $aKnight$b John C.$01387302 702 $aRowanhill$b Jonathan C. 712 02$aLangley Research Center, 801 0$bGPO 801 1$bGPO 906 $aBOOK 912 $a9910705615503321 996 $aComprehensive lifecycle for assuring system safety$93436963 997 $aUNINA LEADER 02004nas 2200421 n 450 001 990008912920403321 005 20240229084348.0 011 $a1120-4524 035 $a000891292 035 $aFED01000891292 035 $a(Aleph)000891292FED01 035 $a000891292 091 $2CNR$aP 00231315 100 $a20090724b19381938km-y0itaa50------ba 101 0 $aita 102 $aIT 110 $aauu-------- 200 1 $aAtti della Reale Accademia di Scienze, Lettere ed Arti di Palermo 207 1$a1938-1938 210 $aPalermo$cReale Accademia di Scienze, Lettere ed Arti 430 0$1001000891291$12001$aAtti della Reale Accademia di Scienze, Lettere e Belle Arti di Palermo 433 0$1001000891289$12001$aAtti della Reale Accademia di Scienze Lettere e Arti di Palermo. Parte I 433 0$1001000891290$12001$aAtti della Reale Accademia di Scienze Lettere e Arti di Palermo. Parte II 530 0 $aAtti della Reale Accademia di Scienze, Lettere ed Arti di Palermo 531 $aATTI R. ACCAD. SCI. LETT. ARTI PALERMO 675 $a50 675 $a8 675 $a7 801 0$aIT$bACNP$c20090723 859 4 $uhttp://acnp.cib.unibo.it/cgi-ser/start/it/cnr/dc-p1.tcl?catno=2109416&person=false&language=ITALIANO&libr=&libr_th=unina1$zBiblioteche che possiedono il periodico 901 $aSE 912 $a990008912920403321 958 $aBiblioteca Centralizzata. Facoltà di Agraria dell'Università Federico II di Napoli$b1938.$fFAGBC 959 $aFAGBC 996 $aAtti della Reale Accademia di Scienze, Lettere ed Arti di Palermo$9799921 997 $aUNINA AP1 8 $6866-01$aNA087 Biblioteca Centralizzata. Facoltà di Agraria dell'Università Federico II di Napoli$ev. Università, 100 Palazzo Reale, 80055 Portici (NA)$m081-2539322$m081-7760229$nit AP2 40$aacnp.cib.unibo.it$nACNP Italian Union Catalogue of Serials$uhttp://acnp.cib.unibo.it/cgi-ser/start/it/cnr/df-p.tcl?catno=2109416&language=ITALIANO&libr=&person=&B=1&libr_th=unina&proposto=NO